Ensayo crítico de la responsabilidad atribuída a Bolívar en el asesinato de Monteagudo i muerte de Sánchez Carrión, i sobre las ideas político constitucionales del mismo
Uloženo v:
| Hlavní autor: | |
|---|---|
| Médium: | Kniha |
| Jazyk: | španělština |
| Vydáno: |
Santiago
Imprenta de Los Tiempos
1879
|
| Vydání: | 1a. ed |
| Témata: | |
| Tagy: |
Přidat tag
Žádné tagy, Buďte první, kdo vytvoří štítek k tomuto záznamu!
|
MARC
| LEADER | 00000nam a2200000 a 4500 | ||
|---|---|---|---|
| 001 | UCJ6764 | ||
| 003 | CL-VaPUC | ||
| 008 | 070124e18790000CL |||||||||||||||||spa|d | ||
| 082 | 0 | 4 | |a 980 |b BEC |2 21 |
| 100 | 0 | |a Becerra, Ricardo |e author |9 506629 | |
| 245 | 1 | 0 | |a Ensayo crítico de la responsabilidad atribuída a Bolívar en el asesinato de Monteagudo i muerte de Sánchez Carrión, i sobre las ideas político constitucionales del mismo |
| 250 | |a 1a. ed | ||
| 300 | |a 138 p | ||
| 942 | |c BK | ||
| 945 | |d 20070124 00:00:00 |a rinostro | ||
| 260 | |a Santiago |b Imprenta de Los Tiempos |c 1879 | ||
| 500 | |a Epígrafe latino de Tácito | ||
| 600 | 0 | |a Bolívar, Simón |d 1783-1830 |9 265422 | |
| 600 | 0 | 7 | |a SAN MARTIN, JOSE DE |2 CL-VaPUC |9 514056 |
| 600 | 0 | |a Monteagudo, Bernardo, |d 1789-1825 |9 508541 | |
| 600 | 0 | 7 | |a SANCHEZ CARRION, JOSE FAUSTINO |2 CL-VaPUC |9 514057 |
| 650 | 7 | |a REVOLUCION DE LA INDEPENDENCIA |2 CL-VaPUC |9 316035 | |
| 650 | 0 | |a Guerra de la independencia |9 331979 | |
| 650 | 7 | |a CRIMENES POLITICOS |2 CL-VaPUC |9 319844 | |
| 583 | |a last modification |c 20190731 11:19:38 |k Rodrigo Vera | ||
| 999 | |c 322866 |d 322864 | ||
| 952 | |0 0 |1 0 |4 0 |6 980_000000000000000_BEC_1879 |7 0 |8 X |9 401995 |a FDOBUD |b FDOBUD |d 2019-11-22 |i 1052586 |o 980 BEC 1879 |p 1052586 |r 2019-11-22 |w 2019-11-22 |y BK_X |k BUD | ||